000 00865nam a2200337Ia 4500
005 20260514124422.0
008 008 261405s9999 xx 000 0 eng d
037 _aThesis
040 _aCRL
040 _beng
040 _cCRL
041 _2eng
041 _aeng
084 _qCRL
100 _aSisodia Dr.Reeta
_91239939
245 0 _aHindi Translation Cultural Adaptation and Validation of Adolescent Resilience Questionnaire for Indian Adolescents.
260 _aDelhi
260 _bUniversity of Delhi
260 _c2016
300 _a95p.
502 _bPh.D.
502 _cUniversity of Delhi
502 _d2016
541 _oThesis
650 _aPediatrics
_91239905
700 _aDr.Dinesh Kataria
_91239799
700 _aDr.Harish K.Pemde
_91239940
710 _aPediatrics
942 _cTH
999 _c1851854
_d1851854